La muerte según Camilo Flammarion / (Record no. 77966)

MARC details
000 -LEADER
campo de control de longitud fija 00755nam a2200217 i 4500
001 - NÚMERO DE CONTROL
campo de control 77966
003 - IDENTIFICADOR DE NÚMERO DE CONTROL
campo de control ES-MaACL
005 - FECHA Y HORA DE LA ÚLTIMA TRANSACCIÓN
campo de control 20250808011538.0
007 - CAMPO FIJO DE DESCRIPCIÓN FÍSICA--INFORMACIÓN GENERAL
campo de control de longitud fija t|
008 - DATOS DE LONGITUD FIJA--INFORMACIÓN GENERAL
campo de control de longitud fija 041116s1922 sp |||| | spa d
100 1# - ENTRADA PRINCIPAL--NOMBRE DE PERSONA
Nombre de persona Flammarion, Camille,
Fechas asociadas al nombre 1842-1925
9 (RLIN) 51110
245 13 - MENCIÓN DEL TÍTULO
Título La muerte según Camilo Flammarion /
Mención de responsabilidad, etc. Camilo Flammarion ; antepróposito y carta de Juan Meyer ; traducción y notas de Quintín López Gómez.
260 ## - PUBLICACIÓN, DISTRIBUCIÓN, ETC.
Lugar de publicación, distribución, etc. Barcelona :
Nombre del editor, distribuidor, etc. Casa Editorial Maucci,
Fecha de publicación, distribución, etc. [1922?]
300 ## - DESCRIPCIÓN FÍSICA
Extensión 103 p. ;
Dimensiones 18 cm.
500 ## - NOTA GENERAL
Nota general En la cub. retrato de Flammarion.
650 07 - PUNTO DE ACCESO ADICIONAL DE MATERIA--TÉRMINO DE MATERIA
Término de materia o nombre geográfico como elemento de entrada Vida futura
Fuente del encabezamiento o término embne
9 (RLIN) 17794
700 1# - ENTRADA AGREGADA--NOMBRE PERSONAL
Nombre de persona Meyer, Juan.
9 (RLIN) 80796
700 1# - ENTRADA AGREGADA--NOMBRE PERSONAL
Nombre de persona López Gómez, Quintín.
9 (RLIN) 73675
852 ## - LOCALIZACIÓN
Ubicación ES-MaACL
Número de control de estantería E-10413
Holdings
Estatus retirado Estado de pérdida Estado de daño No para préstamo Biblioteca de origen Biblioteca actual Ubicación en estantería Fecha de adquisición Fuente de adquisición Total de préstamos Signatura topográfica completa Código de barras Visto por última vez Precio de reemplazo Tipo de ítem Koha
        Biblioteca del Ateneo de Madrid Biblioteca del Ateneo de Madrid Depósito 2 17/01/2008     E-10413 1081563 23/02/2023 23/02/2023 Libro impreso